000
00308nam a2200109 4500
008
b xx# fre u
040
_a
LB-BrCRDP
082
1
_a
745.59
_b
LIV
245
1
3
_a
Le livre des filles
_b
Activité Bricolage Création
942
_c
BK
999
_c
10166
_d
10166